Argentina : atlas y su geografía

Guardado en:
Formato: Libro
Publicado: Buenos Aires : Oriente, 1996
Series:Nuevo Ciclo
Materias:
Etiquetas: Agregar Etiqueta
Sin Etiquetas, Sea el primero en etiquetar este registro!
LEADER 00517nam a22001935a 4500
001 CEM.cems010668
005 20080505101051.0
008 130507s1996##################000#0#####d
003 CEMS
020 |a 95081002733 
082 0 4 |a 918.82 
245 0 0 |a Argentina :  |b atlas y su geografía 
260 |a Buenos Aires :  |b Oriente,  |c 1996 
300 |a 85 p. 
490 0 |a Nuevo Ciclo 
653 |a Argentina-atlas 
653 |a Atlas 
653 |a Geografía argentina 
859 |a CEMS  |b BIB. CEMS - 11 de abril  |h 918.82  |i Or4  |p 21261.01  |t Ej.1